000 00512nam a2200193Ia 4500
008 220204s9999 xx 000 0 und d
082 _aNR:62
_bCIE
100 _aCiesielski, Andrew
245 3 _aAn introduction to rubber technology
260 _aShawbury
_bRapra Technology
_c1999
650 _aAccelerators
650 _aAntioxidants
650 _aCalenders
650 _aCastable polyurethanes
650 _aPlasticizers
650 _aSulfur vulcanization
650 _aViscoelasticity
942 _cBK
999 _c41699
_d41699